000 005690000a22001810004500
003 MACL
005 20160311152646.0
008 160311b xxu||||| |||| 00| 0 eng d
040 _aMACL
_cMACL
041 _aHindi
082 _a891.433
100 _aवर्म्‍मा परिपूर्णानन्‍द
_938666
245 _aलोग कहें घर मेरा
260 _bसमानान्‍तर प्रकाशन
_c1988
_aनई दिल्‍ली
350 _a35
650 _aNovel
_945001
942 _cHIN
_k891;433
_2ddc
999 _c29169
_d29169